| 000 | 00549nam a22001337a 4500 | ||
|---|---|---|---|
| 999 |
_c133340 _d133340 |
||
| 005 | 20240201113639.0 | ||
| 008 | 240201b ||||| |||| 00| 0 eng d | ||
| 040 | _cPK-LaUMT | ||
| 082 |
_aAPC 297.4092 _bMOK- |
||
| 245 |
_aMokalmaat = مکالمات : سلطان الحقیقت شیخ الامت، قطب عالم حضرت فضل شاہ صاحب رحمۃ اللہ علیہ / _ccomplied by Allama Arshad, Nazr ul Islam and Abu Muslim Sahafi = مرتبہ علامہ ارشد |
||
| 260 |
_aLahore : _bAdbastan, _c1998 |
||
| 300 | _a152 p. | ||
| 942 | _cBK | ||